000 00396nam a22001697a 4500
003 MPLRDC
005 20220104142734.0
008 210129b ||||| |||| 00| 0 eng d
082 _a782.886 ZEL-23
100 _a严静文
245 _a周恩来评传
_c
250 _a初版
260 _a
_b博文书局
_c1974
300 _b
650 _a周恩来传记
942 _cBK
_o782.886 ZEL-23
999 _c33313
_d33303